[Event "Quebec-ch qual Quebec"]
[Site "Quebec CAN"]
[Date "2003.05.24"]
[Round "3"]
[White "Sarra-Bournet, Marc"]
[Black "Beaudoin, Stephane"]
[Result "0-1"]
[WhiteElo "1937"]
[BlackElo "1739"]
[PlyCount "72"]
[EventDate "2003.05.23"]
[EventType "swiss"]
[EventRounds "5"]
[EventCountry "CAN"]

1. e4 g6 2. d4 Bg7 3. Nf3 d6 4. Bc4 e6 5. O-O Ne7 6. Bg5 f6 7. Be3 O-O 8. Qd2
d5 9. Bd3 Nbc6 10. c4 b6 11. Nc3 Bb7 12. cxd5 exd5 13. Rfe1 Nb4 14. Nxd5 Nexd5
15. Bc4 Kh8 16. exd5 Nxd5 17. Bh6 Qd7 18. Bxg7+ Kxg7 19. Re4 Ne7 20. Be6 Qd6
21. d5 Bxd5 22. Bxd5 Nxd5 23. Rd4 c6 24. Re1 Rae8 25. Ree4 Re7 26. Rxe7+ Qxe7
27. Rh4 Re8 28. Qh6+ Kh8 29. h3 g5 30. Rd4 Rg8 31. Rd1 Nf4 32. Re1 Qf7 33. Rd1
Qe7 34. Re1 Qd8 35. g3 Rg6 36. Nxg5 fxg5 0-1

[Event "Quebec-ch qual Quebec"]
[Site "Quebec CAN"]
[Date "2003.05.25"]
[Round "4"]
[White "Beaudoin, Stephane"]
[Black "Fillion, Nicolas"]
[Result "1-0"]
[WhiteElo "1937"]
[BlackElo "1534"]
[PlyCount "85"]
[EventDate "2003.05.23"]
[EventType "swiss"]
[EventRounds "5"]
[EventCountry "CAN"]

1. e4 e5 2. Bc4 Nf6 3. d3 c6 4. Nf3 d5 5. Bb3 Bd6 6. O-O O-O 7. Qe2 dxe4 8.
dxe4 h6 9. Nbd2 Qe7 10. c3 Nbd7 11. Bc2 a5 12. b3 Rd8 13. Nc4 Bc5 14. a4 Qe6
15. h3 b6 16. Nh4 Ba6 17. Bd3 Bf8 18. Be3 Nc5 19. Bxc5 Bxc5 20. Nf5 g6 21.
Nxh6+ Kg7 22. Ng4 Nxg4 23. hxg4 Bc8 24. Qf3 f6 25. Be2 Rh8 26. g3 Rh3 27. Kg2
Rh7 28. Rh1 Rxh1 29. Rxh1 b5 30. axb5 cxb5 31. Ne3 Bd7 32. Nd5 Rc8 33. b4 axb4
34. cxb4 Bd4 35. Bd1 Rc1 36. Nxf6 Qxf6 37. Rh7+ Kxh7 38. Qxf6 Bc6 39. Qe7+ Kh8
40. Bb3 Bxe4+ 41. f3 Bxf3+ 42. Kxf3 e4+ 43. Ke2 1-0

[Event "Quebec-ch qual Quebec"]
[Site "Quebec CAN"]
[Date "2003.05.25"]
[Round "4"]
[White "Cummins, Paul"]
[Black "Coulon, Dominic"]
[Result "0-1"]
[WhiteElo "1678"]
[BlackElo "1689"]
[PlyCount "48"]
[EventDate "2003.05.23"]
[EventType "swiss"]
[EventRounds "5"]
[EventCountry "CAN"]

1. Nf3 f5 2. d4 e6 3. e3 Nf6 4. Bd3 Be7 5. O-O O-O 6. Nbd2 b6 7. e4 g6 8. e5
Nh5 9. c3 Bb7 10. Re1 Qe8 11. Nf1 f4 12. Be2 Ng7 13. c4 g5 14. d5 h5 15. Nd4 g4
16. Nb5 Bd8 17. f3 a6 18. Nc3 Bh4 19. g3 fxg3 20. hxg3 gxf3 21. Bxf3 Qg6 22.
Re4 Bxg3 23. Nxg3 Qxg3+ 24. Bg2 Rf2 0-1

[Event "Quebec-ch qual Quebec"]
[Site "Quebec CAN"]
[Date "2003.05.25"]
[Round "4"]
[White "Dorion, Francois"]
[Black "Audet-Bouchard, Nicolas"]
[Result "0-1"]
[WhiteElo "1765"]
[BlackElo "2098"]
[PlyCount "38"]
[EventDate "2003.05.23"]
[EventType "swiss"]
[EventRounds "5"]
[EventCountry "CAN"]

1. c4 e6 2. b3 d5 3. Bb2 Nf6 4. Nf3 c5 5. e3 Nc6 6. cxd5 exd5 7. d4 Bg4 8. dxc5
Bxc5 9. Be2 O-O 10. O-O Re8 11. h3 Bh5 12. Nc3 Qd7 13. Qd2 Rad8 14. Rfd1 a6 15.
Rac1 Qe7 16. Na4 Ba7 17. Qc3 d4 18. Nxd4 Bxd4 19. Rxd4 Bxe2 0-1

[Event "Quebec-ch qual Quebec"]
[Site "Quebec CAN"]
[Date "2003.05.25"]
[Round "5"]
[White "Audet-Bouchard, Nicolas"]
[Black "Beaudoin, Stephane"]
[Result "1/2-1/2"]
[WhiteElo "2098"]
[BlackElo "1937"]
[PlyCount "56"]
[EventDate "2003.05.23"]
[EventType "swiss"]
[EventRounds "5"]
[EventCountry "CAN"]

1. e4 g6 2. d4 Bg7 3. Nc3 d6 4. Be3 c6 5. Qd2 Nd7 6. Bd3 b5 7. f4 Nb6 8. Nf3
Nc4 9. Bxc4 bxc4 10. O-O d5 11. Ne5 Bb7 12. f5 Nf6 13. g4 O-O 14. g5 Nxe4 15.
Nxe4 dxe4 16. f6 exf6 17. gxf6 Bxf6 18. Ng4 Bg7 19. Nh6+ Bxh6 20. Bxh6 Re8 21.
Qf2 f5 22. h4 Qd5 23. Qe3 Rad8 24. c3 c5 25. Rad1 Qc6 26. Rf2 Rd5 27. Rdd2 cxd4
28. Rxd4 Red8 1/2-1/2

[Event "Quebec-ch qual Quebec"]
[Site "Quebec CAN"]
[Date "2003.05.25"]
[Round "5"]
[White "Coulon, Dominic"]
[Black "Godbout, Mathieu"]
[Result "1-0"]
[WhiteElo "1689"]
[BlackElo "1658"]
[PlyCount "65"]
[EventDate "2003.05.23"]
[EventType "swiss"]
[EventRounds "5"]
[EventCountry "CAN"]

1. e4 Nf6 2. e5 Nd5 3. d4 d6 4. c4 Nb6 5. f4 Bf5 6. Nc3 dxe5 7. fxe5 e6 8. Be3
Nc6 9. a3 Be7 10. Nf3 f6 11. d5 Nxe5 12. Nxe5 fxe5 13. Bd3 O-O 14. O-O Bxd3 15.
Qxd3 exd5 16. cxd5 Rxf1+ 17. Rxf1 c6 18. Qf5 Qd6 19. Qf7+ Kh8 20. Bh6 gxh6 21.
Ne4 Qd8 22. d6 Bg5 23. Nf6 Bxf6 24. Rxf6 Qd7 25. Qh5 Rg8 26. Qf3 Qg4 27. Qf1
Nd5 28. Rf7 e4 29. d7 Qg5 30. b4 Nc3 31. Rf8 Ne2+ 32. Kh1 Nf4 33. Qa1+ 1-0

[Event "Quebec-ch qual Quebec"]
[Site "Quebec CAN"]
[Date "2003.05.25"]
[Round "5"]
[White "Gaudreau, Eric"]
[Black "Dorion, Francois"]
[Result "1-0"]
[WhiteElo "1636"]
[BlackElo "1765"]
[PlyCount "43"]
[EventDate "2003.05.23"]
[EventType "swiss"]
[EventRounds "5"]
[EventCountry "CAN"]

1. d4 Nf6 2. Nf3 e6 3. c4 d5 4. Nc3 Bb4 5. Qa4+ Nc6 6. Ne5 Bxc3+ 7. bxc3 Bd7 8.
Nxd7 Nxd7 9. cxd5 exd5 10. Rb1 Nb6 11. Qc2 O-O 12. g3 Re8 13. Bg2 Qe7 14. e3
Rad8 15. O-O Qe6 16. f3 f5 17. e4 dxe4 18. fxe4 fxe4 19. Rf4 Qc4 20. Bxe4 Nxd4
21. cxd4 Qxd4+ 22. Kg2 1-0

[Event "Queen's University CC"]
[Site "Kingston CAN"]
[Date "2003.??.??"]
[Round "4"]
[White "Grant, David"]
[Black "Lambruschini, Alex"]
[Result "1-0"]
[WhiteElo "1800"]
[BlackElo "1647"]
[PlyCount "41"]
[EventDate "2003.??.??"]
[EventCountry "CAN"]
[Source "CFC"]
[SourceDate "2003.06.??"]

1. e4 e6 2. d4 d5 3. Nc3 Nf6 4. Nf3 dxe4 5. Ng5 c5 6. Ncxe4 Be7 7. Be3 Qc7 8.
Bd3 O-O 9. Nxc5 Rd8 10. Nce4 h6 11. Nxf6+ Bxf6 12. Ne4 Bxd4 13. Bxd4 Rxd4 14.
Qg4 e5 15. Nf6+ Kh8 16. Qxg7+ Kxg7 17. Ne8+ Kf8 18. Nxc7 Ke7 19. O-O-O Kd8 20.
Nxa8 Nc6 21. Bb5 1-0

[Event "RA AUtumn Frost"]
[Site "Ottawa CAN"]
[Date "2003.10.30"]
[Round "1"]
[White "Veltmann, Alfred"]
[Black "Chan, Michael"]
[Result "1/2-1/2"]
[WhiteElo "1657"]
[BlackElo "1557"]
[PlyCount "53"]
[EventDate "2003.10.30"]
[EventType "tourn"]
[EventRounds "5"]
[EventCountry "CAN"]

1. e4 e5 2. Nf3 Nc6 3. Bb5 Nf6 4. d3 Bc5 5. O-O O-O 6. Bg5 a6 7. Ba4 d6 8. c3
Bg4 9. Nbd2 d5 10. Qe1 d4 11. Bc2 Qd6 12. Kh1 b5 13. a3 Nh5 14. h3 Bd7 15. Nb3
Nd8 16. Nxc5 Qxc5 17. g4 f6 18. Bd2 dxc3 19. Bxc3 Nf4 20. Bb3+ Be6 21. Bxe6+
Ndxe6 22. Bb4 Qc2 23. Bxf8 Nxd3 24. Qd2 Qxd2 25. Nxd2 Kxf8 26. b4 Rd8 27. Nb3
1/2-1/2

[Event "RA AUtumn Frost"]
[Site "Ottawa CAN"]
[Date "2003.11.20"]
[Round "4"]
[White "Loizides, Yiannis"]
[Black "Veltmann, Alfred"]
[Result "1-0"]
[WhiteElo "1662"]
[BlackElo "1657"]
[PlyCount "65"]
[EventDate "2003.10.30"]
[EventType "tourn"]
[EventRounds "5"]
[EventCountry "CAN"]

1. d4 d5 2. Nf3 Nf6 3. e3 e6 4. Bd3 c5 5. c3 b6 6. Nbd2 Bd6 7. O-O O-O 8. dxc5
bxc5 9. e4 Bf4 10. Re1 Bb7 11. exd5 exd5 12. Qc2 Qc7 13. h3 Nc6 14. Nf1 c4 15.
Be2 Rfe8 16. Bxf4 Qxf4 17. Rad1 Re7 18. Ne3 Rd7 19. Nd4 Rad8 20. Bf3 Ne5 21.
Be2 Ne4 22. Ng4 Nxg4 23. Bxg4 Rd6 24. Re3 g6 25. Qe2 h5 26. Bf3 a6 27. g3 Qf6
28. Bxe4 dxe4 29. Qxc4 Bc8 30. Rxe4 Bxh3 31. Rde1 Kg7 32. Rf4 Rxd4 33. cxd4 1-0

[Event "RA Active ch"]
[Site "Ottawa CAN"]
[Date "2003.12.04"]
[Round "1"]
[White "Barber, Glen"]
[Black "Pacey, Kevin"]
[Result "0-1"]
[WhiteElo "1558"]
[BlackElo "2231"]
[PlyCount "60"]
[EventDate "2003.12.04"]
[EventType "swiss"]
[EventRounds "6"]
[EventCountry "CAN"]

1. Nf3 d5 2. c4 e6 3. g3 c5 4. e3 Nc6 5. cxd5 exd5 6. d4 Nf6 7. Nc3 Be7 8. Bg2
O-O 9. O-O Bg4 10. h3 Bh5 11. a3 Ne4 12. g4 Bg6 13. Bd2 c4 14. Nxe4 Bxe4 15.
Ne1 Bxg2 16. Nxg2 b5 17. Nf4 Qd7 18. b4 a5 19. bxa5 Nxa5 20. Bxa5 Rxa5 21. Qf3
Rd8 22. e4 dxe4 23. Qxe4 Rxa3 24. Rxa3 Bxa3 25. d5 Bd6 26. Ne2 Re8 27. Qf3 Qe7
28. Nd4 Qe5 29. Qg3 Qxg3+ 30. fxg3 Bc5 0-1

[Event "RA Active ch"]
[Site "Ottawa CAN"]
[Date "2003.12.04"]
[Round "2"]
[White "Pacey, Kevin"]
[Black "Raletich, George"]
[Result "1-0"]
[WhiteElo "2231"]
[BlackElo "1861"]
[PlyCount "101"]
[EventDate "2003.12.04"]
[EventType "swiss"]
[EventRounds "6"]
[EventCountry "CAN"]

1. e4 e5 2. Nf3 Nc6 3. Bc4 h6 4. O-O Nf6 5. Re1 Be7 6. d4 d6 7. c3 O-O 8. h3 a6
9. a4 Bd7 10. Nbd2 Re8 11. Nf1 Bf8 12. Ng3 Rb8 13. Bd3 Nh7 14. Nh2 Qh4 15. d5
Na7 16. Be3 Nc8 17. Nf3 Qd8 18. a5 c5 19. dxc6 Bxc6 20. Bc4 Be7 21. Qb3 Rf8 22.
Red1 Qc7 23. Nd2 Bd7 24. Be2 Be6 25. c4 Bh4 26. Nf5 Bg5 27. Bxg5 Nxg5 28. Ne3
b5 29. Nd5 Bxd5 30. cxd5 Ne7 31. Rdc1 Qd8 32. Qb4 f5 33. f3 fxe4 34. fxe4 Rf4
35. Ra3 Nxd5 36. Qb3 b4 37. Qxd5+ Kh8 38. Rd3 Nf7 39. Bh5 Rb5 40. Qe6 Rf6 41.
Qc8 Qxc8 42. Rxc8+ Kh7 43. Bxf7 Rxf7 44. Nc4 Rd7 45. Rc6 d5 46. exd5 Rbxd5 47.
Rxd5 Rxd5 48. Rxa6 e4 49. Rb6 Rd4 50. Rxb4 e3 51. Kf1 1-0

[Event "RA Active ch"]
[Site "Ottawa CAN"]
[Date "2003.12.11"]
[Round "3"]
[White "De Kerpel, Stijn"]
[Black "Pacey, Kevin"]
[Result "1/2-1/2"]
[WhiteElo "1978"]
[BlackElo "2231"]
[PlyCount "47"]
[EventDate "2003.12.04"]
[EventType "swiss"]
[EventRounds "6"]
[EventCountry "CAN"]

1. e4 Nc6 2. Nf3 e5 3. Bc4 Nf6 4. d4 exd4 5. O-O Bc5 6. e5 d5 7. exf6 dxc4 8.
Re1+ Be6 9. Ng5 Qd5 10. Nc3 Qf5 11. Nce4 O-O-O 12. g4 Qe5 13. Nxe6 fxe6 14.
fxg7 Rhg8 15. Bh6 d3 16. c3 Be7 17. Qf3 Qd5 18. Re3 Ne5 19. Qf4 Ng6 20. Qf7
Rde8 21. Rd1 Ne5 22. Qf4 Ng6 23. Qf7 Ne5 24. Qf4 1/2-1/2

[Event "RA Active ch"]
[Site "Ottawa CAN"]
[Date "2003.12.11"]
[Round "4"]
[White "Pacey, Kevin"]
[Black "Patterson, Roger"]
[Result "1/2-1/2"]
[WhiteElo "2231"]
[BlackElo "2191"]
[PlyCount "48"]
[EventDate "2003.12.04"]
[EventType "swiss"]
[EventRounds "6"]
[EventCountry "CAN"]

1. d4 Nf6 2. c4 e6 3. g3 d5 4. Nf3 Be7 5. Bg2 O-O 6. O-O b6 7. Nc3 Bb7 8. Ne5
c5 9. cxd5 exd5 10. Bg5 Na6 11. Qa4 h6 12. Bxf6 Bxf6 13. Nd7 Bxd4 14. Nxf8 Kxf8
15. Nxd5 Bxd5 16. Bxd5 Qxd5 17. Qxa6 Bxb2 18. Rad1 Qc6 19. Qd3 Re8 20. Rd2 c4
21. Qh7 c3 22. Rc2 Qe4 23. Qxe4 Rxe4 24. Rb1 Ke7 1/2-1/2

[Event "RA Active ch"]
[Site "Ottawa CAN"]
[Date "2003.12.18"]
[Round "5"]
[White "Doubleday, William"]
[Black "Pacey, Kevin"]
[Result "0-1"]
[WhiteElo "2104"]
[BlackElo "2231"]
[PlyCount "88"]
[EventDate "2003.12.04"]
[EventType "swiss"]
[EventRounds "6"]
[EventCountry "CAN"]

1. d4 d5 2. c4 e6 3. Nc3 Be7 4. Bf4 Nf6 5. e3 O-O 6. cxd5 exd5 7. Bd3 c6 8. Qc2
Nbd7 9. Nge2 Re8 10. O-O Nf8 11. h3 Ng6 12. Bh2 Bd6 13. Rfc1 Bxh2+ 14. Kxh2
Qd6+ 15. Kg1 Nh4 16. e4 dxe4 17. Nxe4 Nxe4 18. Bxe4 Bf5 19. Bxf5 Nxf5 20. Qxf5
Rxe2 21. Rc2 Rxc2 22. Qxc2 Re8 23. Rd1 Qd5 24. b3 Rd8 25. Qc4 h6 26. Qxd5 Rxd5
27. Kf1 Kf8 28. Ke2 Ke7 29. Kd3 Kd6 30. Rd2 Rf5 31. Ke4 g6 32. Rc2 Rf6 33. h4
Re6+ 34. Kd3 Re1 35. g3 h5 36. Rd2 Ra1 37. Kc4 b6 38. Re2 f5 39. f4 Rg1 40. Re3
Rg2 41. a4 a5 42. Kc3 b5 43. Rd3 b4+ 44. Kc4 Rc2+ 0-1

[Event "RA Active ch"]
[Site "Ottawa CAN"]
[Date "2003.12.18"]
[Round "6"]
[White "Pacey, Kevin"]
[Black "Haouari, Wahid"]
[Result "0-1"]
[WhiteElo "2231"]
[BlackElo "2118"]
[PlyCount "85"]
[EventDate "2003.12.04"]
[EventType "swiss"]
[EventRounds "6"]
[EventCountry "CAN"]

1. d4 Nf6 2. c4 g6 3. Nc3 Bg7 4. e4 d6 5. Be2 Nbd7 6. Bg5 c5 7. d5 a6 8. Qd2
Rb8 9. a4 Nb6 10. Bh6 O-O 11. Bxg7 Kxg7 12. Nf3 Bg4 13. b3 Nbd7 14. O-O Bxf3
15. Bxf3 Ne8 16. Be2 e5 17. dxe6 fxe6 18. f4 Qe7 19. Qe3 Rd8 20. e5 dxe5 21.
fxe5 Rf5 22. Rxf5 gxf5 23. Rd1 Rc8 24. Bf3 Nf8 25. Ne2 Ng6 26. Nf4 Nxf4 27.
Qxf4 b6 28. Qd2 Rb8 29. Qd7 Kf8 30. Bc6 Qxd7 31. Rxd7 Ng7 32. a5 bxa5 33. Ba4
Rc8 34. Rd6 Kf7 35. Rxa6 f4 36. Kf2 Kg6 37. Rxa5 Kf5 38. Ra7 Ne8 39. Rxh7 Kxe5
40. Kf3 Nd6 41. Rh5+ Nf5 42. g4 fxg3 43. hxg3 0-1

[Event "RA Autumn Frost"]
[Site "Ottawa CAN"]
[Date "2003.10.30"]
[Round "1"]
[White "Pacey, Kevin"]
[Black "Nezirovic, Ozren"]
[Result "0-1"]
[WhiteElo "2300"]
[BlackElo "2168"]
[PlyCount "74"]
[EventDate "2003.10.30"]
[EventType "tourn"]
[EventRounds "5"]
[EventCountry "CAN"]

1. e4 d6 2. d4 Nf6 3. Nc3 g6 4. f4 Bg7 5. Nf3 O-O 6. e5 dxe5 7. dxe5 Qxd1+ 8.
Kxd1 Ng4 9. Ke1 c6 10. h3 Nh6 11. g4 f6 12. Bc4+ Nf7 13. Be3 b6 14. Rd1 Bb7 15.
f5 c5 16. Rf1 Nc6 17. Bxf7+ Rxf7 18. e6 Rff8 19. Rd7 Bc8 20. Rc7 Nb4 21. Rf2
Re8 22. a3 Na6 23. Nb5 Nxc7 24. Nxc7 Bb7 25. Nh4 Be4 26. Rd2 g5 27. Ng2 Red8
28. Nxa8 Rxd2 29. Bxd2 Bxg2 30. Nc7 Bxh3 31. Nd5 Bxg4 32. Nxe7+ Kf8 33. Nc8 Ke8
34. Kf2 Bf8 35. Nxa7 Bxf5 36. Nc8 b5 37. c4 Bxe6 0-1

[Event "RA Autumn Frost"]
[Site "Ottawa CAN"]
[Date "2003.11.06"]
[Round "2"]
[White "Pacey, Kevin"]
[Black "Djerkovic, Miladin"]
[Result "0-1"]
[WhiteElo "2300"]
[BlackElo "2294"]
[PlyCount "54"]
[EventDate "2003.10.30"]
[EventType "tourn"]
[EventRounds "5"]
[EventCountry "CAN"]

1. e4 e5 2. Nf3 Nc6 3. Bc4 Bc5 4. b4 Bxb4 5. c3 Be7 6. Qb3 Nh6 7. d4 Na5 8. Qb5
Nxc4 9. Bxh6 gxh6 10. Qxc4 exd4 11. cxd4 d5 12. exd5 Rg8 13. g3 Bh3 14. Nbd2
Qd6 15. Qb5+ Kf8 16. Qxb7 Kg7 17. Qc6 Qa3 18. Ne5 Qb2 19. Ke2 Qxd4 20. f4 Bd6
21. Qc4 Bxe5 22. fxe5 Qxe5+ 23. Kf2 Rge8 24. Rhe1 Qb2 25. Rxe8 Rxe8 26. Rd1
Qb6+ 27. Kf3 Qe3# 0-1

[Event "RA Autumn Frost"]
[Site "Ottawa CAN"]
[Date "2003.11.13"]
[Round "3"]
[White "Voloaca, Mihnea"]
[Black "Pacey, Kevin"]
[Result "0-1"]
[WhiteElo "2242"]
[BlackElo "2300"]
[PlyCount "82"]
[EventDate "2003.10.30"]
[EventType "tourn"]
[EventRounds "5"]
[EventCountry "CAN"]

1. Nf3 d5 2. c4 e6 3. d4 Nf6 4. Nc3 Be7 5. Bg5 O-O 6. e3 Nbd7 7. Rc1 dxc4 8.
Bxc4 a6 9. a4 c5 10. O-O cxd4 11. exd4 Nb6 12. Ba2 Bd7 13. Re1 Bc6 14. Ne5 Nbd5
15. Nxc6 bxc6 16. Bc4 Qb6 17. Re2 Rfd8 18. Rd2 Rd7 19. h3 Rad8 20. Qf3 h6 21.
Bh4 Nb4 22. Ne2 e5 23. dxe5 Rxd2 24. exf6 Bxf6 25. Bxf6 gxf6 26. Qxf6 Rd1+ 27.
Kh2 Qc7+ 28. g3 R1d6 29. Qf3 Nd3 30. Rc3 Ne5 31. Qf5 Nxc4 32. Rxc4 Qe7 33. Nf4
Rd1 34. Nh5 Kf8 35. Qh7 Qe6 36. Re4 Rh1+ 37. Kg2 Qxh3+ 38. Kf3 Qxh5+ 39. Kf4
Qg5+ 40. Kf3 Qf6+ 41. Kg2 Rdd1 0-1

[Event "RA Autumn Frost"]
[Site "Ottawa CAN"]
[Date "2003.11.20"]
[Round "4"]
[White "Pacey, Kevin"]
[Black "Hum, Peter"]
[Result "1/2-1/2"]
[WhiteElo "2300"]
[BlackElo "2230"]
[PlyCount "41"]
[EventDate "2003.10.30"]
[EventType "tourn"]
[EventRounds "5"]
[EventCountry "CAN"]

1. e4 c5 2. Nc3 Nc6 3. g3 g6 4. Bg2 Bg7 5. d3 d6 6. Nd5 e6 7. Ne3 Nge7 8. f4
O-O 9. Nf3 e5 10. O-O exf4 11. gxf4 f5 12. Nh4 Kh8 13. exf5 Nxf5 14. Nhxf5 Bxf5
15. Nxf5 Rxf5 16. c3 Qc7 17. Be4 Rh5 18. Bf3 Rf5 19. Be4 Rh5 20. Bf3 Rf5 21.
Be4 1/2-1/2

[Event "RA Autumn Frost"]
[Site "Ottawa CAN"]
[Date "2003.11.27"]
[Round "5"]
[White "Patterson, Roger"]
[Black "Pacey, Kevin"]
[Result "1-0"]
[WhiteElo "2216"]
[BlackElo "2300"]
[PlyCount "75"]
[EventDate "2003.10.30"]
[EventType "tourn"]
[EventRounds "5"]
[EventCountry "CAN"]

1. e4 e5 2. Nf3 Nc6 3. Bb5 a6 4. Ba4 Nf6 5. O-O Nxe4 6. d4 b5 7. Bb3 d5 8. dxe5
Be6 9. Qe2 Bc5 10. Be3 O-O 11. Rd1 Re8 12. Nbd2 Qe7 13. Nf1 Red8 14. c3 Na5 15.
Bc2 Nc4 16. Bxc5 Nxc5 17. b4 Na4 18. Bxa4 bxa4 19. Nd4 Qd7 20. h3 Re8 21. Nd2
Nxd2 22. Rxd2 c6 23. Qd3 a5 24. a3 c5 25. bxc5 Qc7 26. c6 Qxe5 27. Re2 Qd6 28.
Qb5 g6 29. Qxa4 Qc5 30. Re3 Bf5 31. Nxf5 gxf5 32. Qd4 Qxd4 33. cxd4 Rxe3 34.
fxe3 Kg7 35. Rc1 Kf6 36. c7 Rc8 37. a4 Ke6 38. Kf2 1-0

[Event "RA December Active"]
[Site "Ottawa CAN"]
[Date "2003.12.14"]
[Round "1"]
[White "Litchfield, Gerry"]
[Black "Pacey, Kevin"]
[Result "0-1"]
[WhiteElo "1620"]
[BlackElo "2231"]
[PlyCount "78"]
[EventDate "2003.12.14"]
[EventType "swiss (rapid)"]
[EventRounds "4"]
[EventCountry "CAN"]

1. d4 Nf6 2. Nf3 g6 3. Nc3 d6 4. h3 Bg7 5. e4 O-O 6. Bc4 Nxe4 7. Nxe4 d5 8. Bd3
dxe4 9. Bxe4 Nd7 10. c3 Nf6 11. Bc2 b6 12. Be3 Bb7 13. O-O Ne4 14. Qe2 Nd6 15.
Rfe1 e6 16. Bf4 Qc8 17. Ne5 Nf5 18. Be4 Nd6 19. Bxb7 Qxb7 20. Rad1 Nf5 21. Qe4
Qxe4 22. Rxe4 Ne7 23. Ng4 f5 24. Rxe6 fxg4 25. Bxc7 Nd5 26. Bg3 gxh3 27. gxh3
Rae8 28. Rde1 Kf7 29. Rxe8 Rxe8 30. Rxe8 Kxe8 31. Bb8 a6 32. Ba7 b5 33. Kg2
Nf4+ 34. Kg3 Nd3 35. b3 Nc1 36. a4 Ne2+ 37. Kf3 Nxc3 38. axb5 Nxb5 39. Ke4 Nxa7
0-1

[Event "RA December Active"]
[Site "Ottawa CAN"]
[Date "2003.12.14"]
[Round "2"]
[White "Pacey, Kevin"]
[Black "Nezirovic, Ozren"]
[Result "1/2-1/2"]
[WhiteElo "2231"]
[BlackElo "2185"]
[PlyCount "60"]
[EventDate "2003.12.14"]
[EventType "swiss (rapid)"]
[EventRounds "4"]
[EventCountry "CAN"]

1. e4 d6 2. d4 Nf6 3. Nc3 g6 4. f4 Bg7 5. Nf3 O-O 6. Be2 c5 7. dxc5 Qa5 8. O-O
Qxc5+ 9. Kh1 b6 10. Qe1 Nbd7 11. Bd3 Bb7 12. e5 dxe5 13. fxe5 Ng4 14. e6 Nde5
15. Nxe5 Qxe5 16. Qxe5 Nxe5 17. exf7+ Rxf7 18. Rxf7 Kxf7 19. Be4 Bxe4 20. Nxe4
Rc8 21. c3 Nd3 22. Kg1 h6 23. Rb1 Rc4 24. Nf2 Nxc1 25. Rxc1 b5 26. Nd3 a5 27.
a3 Re4 28. Kf2 g5 29. g3 Kg6 30. Rd1 Bf6 1/2-1/2

[Event "RA December Active"]
[Site "Ottawa CAN"]
[Date "2003.12.14"]
[Round "3"]
[White "Barclay, Wayne"]
[Black "Pacey, Kevin"]
[Result "1/2-1/2"]
[WhiteElo "2205"]
[BlackElo "2231"]
[PlyCount "56"]
[EventDate "2003.12.14"]
[EventType "swiss (rapid)"]
[EventRounds "4"]
[EventCountry "CAN"]

1. d4 d5 2. c4 e6 3. Nc3 Be7 4. e4 dxe4 5. Nxe4 Nf6 6. Nc3 c5 7. d5 O-O 8. Nf3
Re8 9. Be2 a6 10. a4 exd5 11. cxd5 Bg4 12. O-O Bd6 13. Bg5 Nbd7 14. Re1 Qc7 15.
h3 Bxf3 16. Bxf3 Rxe1+ 17. Qxe1 Re8 18. Qd2 h6 19. Be3 Qa5 20. Qc2 Ne5 21. Be2
Ng6 22. Bd2 Qd8 23. g3 Be5 24. Bc4 Bd4 25. Rd1 Ne5 26. b3 Nf3+ 27. Kg2 Nxd2 28.
Qxd2 Ne4 1/2-1/2

[Event "RA December Active"]
[Site "Ottawa CAN"]
[Date "2003.12.14"]
[Round "4"]
[White "Pacey, Kevin"]
[Black "Van Dusen, Eric"]
[Result "1/2-1/2"]
[WhiteElo "2231"]
[BlackElo "1855"]
[PlyCount "58"]
[EventDate "2003.12.14"]
[EventType "swiss (rapid)"]
[EventRounds "4"]
[EventCountry "CAN"]

1. e4 c5 2. Nc3 e6 3. g3 Nc6 4. Bg2 g6 5. d3 Bg7 6. Be3 d6 7. Qd2 Rb8 8. Nf3 e5
9. h4 b5 10. h5 Nd4 11. Nd5 Nxf3+ 12. Bxf3 h6 13. Qe2 g5 14. Bd2 Ne7 15. Ne3
Be6 16. Bg2 Qd7 17. O-O O-O 18. a3 f5 19. exf5 Nxf5 20. Bd5 Nxe3 21. Bxe6+ Qxe6
22. fxe3 Qh3 23. Qh2 Qg4 24. e4 Rxf1+ 25. Rxf1 Rf8 26. Rxf8+ Bxf8 27. Be1 Qd1
28. Kf1 Qf3+ 29. Kg1 Qd1 1/2-1/2

[Event "RA Fall op"]
[Site "Ottawa CAN"]
[Date "2003.09.20"]
[Round "1"]
[White "Van Dusen, Eric"]
[Black "Pacey, Kevin"]
[Result "0-1"]
[WhiteElo "1906"]
[BlackElo "2290"]
[PlyCount "72"]
[EventDate "2003.09.20"]
[EventType "swiss"]
[EventRounds "5"]
[EventCountry "CAN"]

1. d4 d5 2. Nf3 c5 3. dxc5 e6 4. c4 Bxc5 5. cxd5 exd5 6. Bg5 Qb6 7. e3 Nc6 8.
Qc1 Bf5 9. Nh4 Bxb1 10. Rxb1 Bb4+ 11. Kd1 h6 12. Bf4 g5 13. a3 Be7 14. Nf5 gxf4
15. Ng7+ Kf8 16. Nf5 Qb3+ 17. Ke1 Nf6 18. h4 fxe3 19. Nxe3 Re8 20. Be2 d4 21.
Bc4 Qa4 22. Qc2 Qxc2 23. Nxc2 Bxa3+ 24. Kf1 Bb4 25. Rh3 a5 26. Nxb4 axb4 27.
Bb3 Rd8 28. Rf3 Rd6 29. g4 Ne5 30. Rf5 Nexg4 31. Ra1 Kg7 32. h5 Re8 33. Ra7 Rb6
34. Raa5 Re7 35. Rac5 Ne4 36. Rc2 d3 0-1

[Event "RA Fall op"]
[Site "Ottawa CAN"]
[Date "2003.09.20"]
[Round "2"]
[White "Pacey, Kevin"]
[Black "Trottier, Stephane"]
[Result "1-0"]
[WhiteElo "2290"]
[BlackElo "2104"]
[PlyCount "95"]
[EventDate "2003.09.20"]
[EventType "swiss"]
[EventRounds "5"]
[EventCountry "CAN"]

1. d4 d5 2. c4 dxc4 3. Nf3 Nf6 4. Qa4+ c6 5. Qxc4 Bf5 6. Nc3 e6 7. g3 Be7 8.
Bg2 O-O 9. O-O Nbd7 10. Nh4 Nb6 11. Qb3 Qxd4 12. Nxf5 exf5 13. Rd1 Qc4 14. Qc2
Nfd5 15. Qxf5 Nxc3 16. bxc3 Qxe2 17. Be3 Nc4 18. Bd4 Nd6 19. Qf4 Nb5 20. Re1
Nxd4 21. cxd4 Qb2 22. Rab1 Qxa2 23. Rxb7 Bf6 24. Bxc6 Rac8 25. d5 Rfd8 26. Qe4
h6 27. Kg2 Bd4 28. Re2 Qa6 29. Qf3 Bf6 30. Re4 Rb8 31. Ra4 Qxa4 32. Rxb8 Qa5
33. Rb7 Qc5 34. Qe4 Rf8 35. h4 Bd4 36. Rb5 Qc3 37. d6 Bb6 38. d7 Qd2 39. Rf5
Qd6 40. h5 Qc7 41. Qd5 Qd8 42. Re5 Qf6 43. f4 Bc7 44. Re8 Qb2+ 45. Kh3 Qb6 46.
Rxf8+ Kxf8 47. Qe4 Qb8 48. Qe8+ 1-0

[Event "RA Fall op"]
[Site "Ottawa CAN"]
[Date "2003.09.20"]
[Round "3"]
[White "Gelblum, Robert"]
[Black "Pacey, Kevin"]
[Result "1/2-1/2"]
[WhiteElo "2198"]
[BlackElo "2290"]
[PlyCount "46"]
[EventDate "2003.09.20"]
[EventType "swiss"]
[EventRounds "5"]
[EventCountry "CAN"]

1. e4 Nc6 2. Nf3 e6 3. d4 d5 4. e5 b6 5. Bb5 Nge7 6. c3 Bb7 7. Bg5 Qd7 8. Nbd2
h6 9. Bf4 Ng6 10. Bg3 Be7 11. Qe2 O-O 12. O-O a6 13. Ba4 a5 14. Bb5 Qc8 15. Ne1
Ba6 16. f4 Bxb5 17. Qxb5 Qd7 18. Qd3 f5 19. exf6 Rxf6 20. Qe3 Bd6 21. Nd3 Nce7
22. Ne5 Bxe5 23. fxe5 Rxf1+ 1/2-1/2

[Event "RA Fall op"]
[Site "Ottawa CAN"]
[Date "2003.09.21"]
[Round "4"]
[White "Pacey, Kevin"]
[Black "Predescu, Sebastian"]
[Result "1-0"]
[WhiteElo "2290"]
[BlackElo "2248"]
[PlyCount "75"]
[EventDate "2003.09.20"]
[EventType "swiss"]
[EventRounds "5"]
[EventCountry "CAN"]

1. e4 c5 2. Nc3 Nc6 3. g3 g6 4. Bg2 Bg7 5. d3 e6 6. Be3 d6 7. Qd2 Rb8 8. Nge2
Qb6 9. Nd1 Nge7 10. c3 Qd8 11. Bh6 O-O 12. Bxg7 Kxg7 13. f4 e5 14. O-O f6 15.
Ne3 b6 16. Kh1 a5 17. Rf2 Ba6 18. h4 h6 19. Bf3 b5 20. d4 cxd4 21. cxd4 b4 22.
d5 Bxe2 23. Bxe2 Nd4 24. fxe5 dxe5 25. Ng4 Ng8 26. Raf1 Qd6 27. Ne3 Rbc8 28.
Nc4 Qc5 29. b3 a4 30. Qe3 Rfe8 31. g4 Rf8 32. g5 hxg5 33. hxg5 Qe7 34. Bg4 Rcd8
35. Qg3 axb3 36. axb3 fxg5 37. d6 Qe8 38. Rxf8 1-0